000 01001cam a2200313 a 4500
001 690066
003 Nust
005 20220831092339.0
008 960426s1997 mau 000 1 eng
010 _a 96018988
020 _a9780752809038
_cRs. 516
038 _aArshad
040 _aDLC
_cDLC
_dDLC
043 _an-us-ca
050 0 0 _aPS3553.O51165
_bT78 1997
082 0 0 _a823
_bCON
100 1 _aConnelly, Michael,
_d1956-
_912066
245 1 0 _aTrunk music
_cMichael Connelly.
250 _a1st ed.
260 _aBoston :
_bLittle, Brown and Co.,
_c1997.
300 _a437 p. ;
_c24 cm.
600 1 0 _aBosch, Harry
_vFiction.
_912071
650 0 _aPolice
_zCalifornia
_zLos Angeles
_vFiction.
_912072
651 0 _aLos Angeles (Calif.)
_vFiction.
_97582
655 7 _aDetective and mystery stories.
_2gsafd
_92977
906 _a7
_bcbc
_corignew
_d1
_eocip
_f19
_gy-gencatlg
942 _2ddc
_cBK
999 _c174445
_d174445